Normal view
MARC view
- Rivero Oramas, Rafael,
Entry Nombre Personal
001 - NUMERO DE CONTROL
- campo de control: 31114
003 - IDENTIFICADOR DE NUMERO DE CONTROL
- campo de control: UPN
005 - FECHA Y HORA DE LA ÜLTIMA TRANSACCIÓN
- campo de control: 20210219194420.0
008 - DATOS DE LONGITUD FIJA
- campo de control de longitud fija: nabaccnnaabn|||||||||| b |nc|||||d
035 ## - NUMERO DE CONTROL
- Número de control: UPN11000003220
040 ## - FUENTE DE CATALOGACIÓN
- Lenguaje de catalogación: SPA
- Agencia de transcripción: UPN
053 #4 - NÚMERO DE CLASIFICACIÓN LC
- Número de clasificación elemento-número único o número inicial de tramo: PQ8549 R5.6
100 1# - ENCABEZAMIENTO - NOMBRE PERSONAL
- Nombre personal: Rivero Oramas, Rafael,
- Fechas asociadas con el nombre: 1904-1992
670 ## - FUENTE EN LA QUE SE LOCALIZARON DATOS
- Cita de la fuente: T
- Uniform Resource Identifier: http://es.libros.wikia.com/wiki/Rivero_Oramas,_Rafael
680 ## - NOTA PUBLICA DE ACCESO PÚBLICO
- Frase explicativa de la referencia: Novelista, humorista, cuentista y cineasta venezolano
902 ## - CATALOGADOR
- Catalogador: CAA/030811
